Library Banner

Partition (Record no. 75163)

MARC details
000 -LEADER
fixed length control field 00362nam a22001457a 4500
005 - DATE AND TIME OF LATEST TRANSACTION
control field 20150828100416.0
008 - FIXED-LENGTH DATA ELEMENTS--GENERAL INFORMATION
fixed length control field 150828b xxu||||| |||| 00| 0 eng d
040 ## - CATALOGING SOURCE
Transcribing agency PK-LaUMT
082 ## - DEWEY DECIMAL CLASSIFICATION NUMBER
Classification number KHC 954.035
Item number LAL-P
100 ## - MAIN ENTRY--PERSONAL NAME
Personal name Lal Khan
245 ## - TITLE STATEMENT
Title Partition
Remainder of title can it be undone?
Statement of responsibility, etc Lal Khan
260 ## - PUBLICATION, DISTRIBUTION, ETC. (IMPRINT)
Place of publication, distribution, etc Lahore
Name of publisher, distributor, etc The struggle
Date of publication, distribution, etc 2001
300 ## - PHYSICAL DESCRIPTION
Extent 225 p.
942 ## - ADDED ENTRY ELEMENTS (KOHA)
Koha item type Books
Holdings
Withdrawn status Lost status Damaged status Home library Current library Date acquired Full call number Barcode Date last seen Price effective from Koha item type
      UMT Main Campus UMT Main Campus 2015-08-28 KHC 954.035 LAL-P 69305 2015-08-28 2015-08-28 Books